Central Library OPAC University of Rajshahi

Sociology / (Record no. 33424)

MARC details
000 -LEADER
fixed length control field 00854nam a22002771 4500
001 - CONTROL NUMBER
control field 33424
003 - CONTROL NUMBER IDENTIFIER
rucl marc code BD-RjUL
005 - DATE AND TIME OF LATEST TRANSACTION
control field 20211209052015.0
008 - FIXED-LENGTH DATA ELEMENTS--GENERAL INFORMATION
fixed length control field 140507r19661949u 001 0 eng
035 ## - SYSTEM CONTROL NUMBER
System control number (BD-RjUL)33515
System control number (OCoLC)1484786
040 ## - CATALOGING SOURCE
Original cataloging agency DLC
Transcribing agency FM
Modifying agency OCoLC
-- DLC
-- BD-RjUL
Language of cataloging eng
041 ## - LANGUAGE CODE
Language code of text/sound track or separate title eng
082 ## - DEWEY DECIMAL CLASSIFICATION NUMBER
Classification number 301
Author mark and year SPS 1966
100 1# - MAIN ENTRY--PERSONAL NAME
Personal name Sprott, W. J. H.
Fuller form of name (Walter John Herbert),
Dates associated with a name 1897-1971.
9 (RLIN) 88921
245 00 - TITLE STATEMENT
Title Sociology /
Statement of responsibility, etc. W.J.H. Sprott
260 ## - PUBLICATION, DISTRIBUTION, ETC. (IMPRINT)
Place of publication, distribution, etc. London ;
-- New York :
Name of publisher, distributor, etc. Hutchinson's University Library,
Date of publication, distribution, etc. c1949 [impression 1964, 1966]
300 ## - PHYSICAL DESCRIPTION
Pagination 192 p. ;
Size 20 cm.
490 0# - SERIES STATEMENT
Series statement Hutchinson's university library: Politics,
Volume/sequential designation 34
504 ## - BIBLIOGRAPHY, ETC. NOTE
Bibliography, etc Bibilography: p. 185-188.
650 #0 - SUBJECT ADDED ENTRY--TOPICAL TERM
Topical term or geographic name as entry element Sociology.
9 (RLIN) 101454
Topical term or geographic name as entry element Social psychology.
9 (RLIN) 101455
942 ## - ADDED ENTRY ELEMENTS (KOHA)
Source of classification or shelving scheme Dewey Decimal Classification
Koha item type Books
Holdings
Lost status Source of classification or shelving scheme Damaged status Not for loan Collection code Permanent Location Current Location Shelving location Date acquired Source of acquisition Cost, normal purchase price Total Checkouts Full call number Date last seen Copy number Koha item type
  Dewey Decimal Classification     Non-fiction Central Library, University of Rajshahi Central Library, University of Rajshahi   06/11/1968 Zitlinger 25.00   301 SPS 1966 07/05/2014 C-9 Books
  Dewey Decimal Classification     Non-fiction Central Library, University of Rajshahi Central Library, University of Rajshahi   06/11/1968 Zeitlinger 25.00   301 SPS 1966 08/05/2014 C-10 Books
  Dewey Decimal Classification     Non-fiction Central Library, University of Rajshahi Central Library, University of Rajshahi   06/11/1968 Zeitlinger 25.00   301 SPS 1966 10/05/2014 C-8 Books
  Dewey Decimal Classification     Non-fiction Central Library, University of Rajshahi Central Library, University of Rajshahi   06/10/1965 Zeitlinger 15.00   301 SPS 1964 12/05/2014 C-5 Books
  Dewey Decimal Classification     Non-fiction Central Library, University of Rajshahi Central Library, University of Rajshahi   06/11/1968 Zeitlinger 25.00   301 SPS 1967 12/05/2014 C-7 Books
  Dewey Decimal Classification     Non-fiction Central Library, University of Rajshahi Central Library, University of Rajshahi   06/10/1965 Zetlinger 15.00   301 SPS 1964 14/05/2014 C-6 Books
  Dewey Decimal Classification     Non-fiction Central Library, University of Rajshahi Central Library, University of Rajshahi   06/11/1968 Zeitlinger 25.00   301 SPS 1966 14/05/2014 C-4 Books
  Dewey Decimal Classification     Non-fiction Central Library, University of Rajshahi Central Library, University of Rajshahi   06/10/1965 Zeitlinger 15.00   301 SPS 1964 14/05/2014 C-3 Books
  Dewey Decimal Classification   Not For Loan Non-fiction Central Library, University of Rajshahi Central Library, University of Rajshahi Reading Room 06/11/1968 Zeitlinger 25.00   301 SPS 1967 14/05/2014 C-1 Books
  Dewey Decimal Classification     Non-fiction Central Library, University of Rajshahi Central Library, University of Rajshahi   09/08/1973 mitali book 22.50   301 SPS 1967 17/05/2014 C-2 Books